[Event "Saint Affrique op 22nd"]
[Site "Saint Affrique"]
[Date "2014.07.24"]
[Round "7"]
[White "Zachary, Matheo"]
[Black "Bouguerra, Tayeb"]
[Result "1/2-1/2"]
[WhiteElo "1701"]
[BlackElo "1906"]
[PlyCount "95"]
[EventDate "2014.07.19"]
[EventType "swiss"]
[EventRounds "9"]
[EventCountry "FRA"]
[SourceTitle "CBM 161 Extra"]
[Source "ChessBase"]
[SourceDate "2014.08.29"]
[SourceVersion "1"]
[SourceVersionDate "2014.08.29"]
[SourceQuality "1"]

1. e4 d6 2. d4 Nf6 3. Nc3 c6 4. g3 Qb6 5. Bg2 e5 6. Nge2 Be7 7. 0-0 0-0 8. h3 Nbd7 9. Rb1 Re8 10. Be3 Qc7 11. g4 Nb6 12. b3 g6 13. f4 Nbd7 14. Ng3 Rf8 15. f5 exd4 16. Bxd4 d5 17. Qf3 Ne5 18. Qf4 Bd6 19. Qh6 c5 20. Bxe5 Bxe5 21. Nge2 d4 22. Nd5 Nxd5 23. exd5 Bg7 24. Qh4 Re8 25. Rbe1 Bd7 26. Nc1 Bb5 27. Rxe8+ Rxe8 28. Re1 Qf4 29. Nd3 Rxe1+ 30. Qxe1 Bxd3 31. cxd3 gxf5 32. gxf5 Kf8 33. Qe4 Qg3 34. d6 Qxd6 35. Qxb7 Bh6 36. Qe4 Be3+ 37. Kf1 Qg3 38. Qf3 Qh2 39. f6 Qb8 40. Qg4 Qf4+ 41. Qxf4 Bxf4 42. Be4 h6 43. Kg2 Bg5 44. Kf3 Bxf6 45. a4 Bg5 46. Bd5 Ke7 47. Bb7 f5 48. Bc8 1/2-1/2

[Event "Saint Affrique op 22nd"]
[Site "Saint Affrique"]
[Date "2014.07.22"]
[Round "5"]
[White "De Muyser, Xavier"]
[Black "Bouguerra, Tayeb"]
[Result "0-1"]
[WhiteElo "1723"]
[BlackElo "1906"]
[PlyCount "35"]
[EventDate "2014.07.19"]
[EventType "swiss"]
[EventRounds "9"]
[EventCountry "FRA"]
[SourceTitle "CBM 161 Extra"]
[Source "ChessBase"]
[SourceDate "2014.08.29"]
[SourceVersion "1"]
[SourceVersionDate "2014.08.29"]
[SourceQuality "1"]

1. e4 d6 2. f4 g6 3. Nf3 Bg7 4. d4 c5 5. Nc3 cxd4 6. Nxd4 Nc6 7. Nb3 Nf6 8. Be3 Ng4 9. Bg1 0-0 10. h3 Nf6 11. Qf3 a6 12. 0-0-0 Qc7 13. Nd5 Nxd5 14. exd5 Nb4 15. Qe4 Bf5 16. Qc4 Nxa2+ 17. Kb1 Qxc4 18. Bxc4 0-1

[Event "Vergeze Gard-chA"]
[Site "Vergeze"]
[Date "2012.05.19"]
[Round "6"]
[White "Mora, Pascal"]
[Black "Bouguerra, Tayeb"]
[Result "1-0"]
[WhiteElo "2082"]
[BlackElo "1972"]
[PlyCount "64"]
[EventDate "2012.05.17"]
[EventType "tourn"]
[EventRounds "7"]
[EventCountry "FRA"]
[SourceTitle "EXT 2013"]
[Source "ChessBase"]
[SourceDate "2012.11.22"]
[SourceVersion "1"]
[SourceVersionDate "2012.11.22"]
[SourceQuality "1"]

1. e4 d6 2. d4 Nf6 3. Nc3 c6 4. f4 Qa5 5. Bd3 e5 6. dxe5 dxe5 7. f5 Bc5 8. Qe2 Nbd7 9. Bd2 Qc7 10. g4 h6 11. 0-0-0 b5 12. h4 Bb7 13. Nh3 b4 14. Nb1 Qa5 15. g5 Ng8 16. g6 fxg6 17. fxg6 0-0-0 18. Bc4 Ngf6 19. Nf2 Bxf2 20. Qxf2 Nxe4 21. Qe3 Ndf6 22. Rhf1 Kb8 23. Qb3 c5 24. a3 Nxd2 25. Rxd2 bxa3 26. Rxf6 Rxd2 27. Nxd2 axb2+ 28. Qxb2 gxf6 29. g7 Rd8 30. Bd5 Qc7 31. g8Q Rxg8 32. Bxg8 Qd8 1-0

[Event "Vergeze Gard-chA"]
[Site "Vergeze"]
[Date "2012.05.17"]
[Round "2"]
[White "Bauer, Christian"]
[Black "Bouguerra, Tayeb"]
[Result "1-0"]
[WhiteElo "2672"]
[BlackElo "1972"]
[PlyCount "77"]
[EventDate "2012.05.17"]
[EventType "tourn"]
[EventRounds "7"]
[EventCountry "FRA"]
[SourceTitle "EXT 2013"]
[Source "ChessBase"]
[SourceDate "2012.11.22"]
[SourceVersion "1"]
[SourceVersionDate "2012.11.22"]
[SourceQuality "1"]

1. e4 d6 2. Nc3 e5 3. Nf3 Bg4 4. d4 Nd7 5. Be2 Ngf6 6. Ng1 Bxe2 7. Ngxe2 Be7 8. 0-0 0-0 9. f3 c6 10. a4 a5 11. b3 Nh5 12. Kh1 Bg5 13. Ba3 Be7 14. Qd2 Bg5 15. Qe1 Be7 16. Rd1 Re8 17. Qd2 Bg5 18. Qd3 Nf8 19. g3 Qf6 20. f4 exf4 21. g4 Qh6 22. gxh5 Rad8 23. Qf3 Re6 24. d5 Re7 25. Nd4 g6 26. dxc6 f5 27. cxb7 Rxb7 28. exf5 Re7 29. Nc6 Re3 30. Qd5+ Kg7 31. Ne4 Qxh5 32. f6+ Bxf6 33. Qxh5 gxh5 34. Nxf6 Rc8 35. Rxd6 Ng6 36. Nxh5+ Kh6 37. Nxf4 Kg7 38. Bb2+ Kh6 39. Nxg6 1-0

[Event "Montpellier op 4th"]
[Site "Montpellier"]
[Date "2009.??.??"]
[Round "5"]
[White "Bouguerra, Tayeb"]
[Black "Alcaraz Ortega, Javier"]
[Result "0-1"]
[WhiteElo "2018"]
[BlackElo "2241"]
[PlyCount "74"]
[EventDate "2009.12.26"]
[EventType "swiss"]
[EventRounds "9"]
[EventCountry "FRA"]
[SourceTitle "CBM 134 Extra"]
[Source "ChessBase"]
[SourceDate "2010.03.03"]
[SourceVersion "1"]
[SourceVersionDate "2010.03.03"]
[SourceQuality "1"]

1. f4 d5 2. e3 c5 3. Nf3 Bf5 4. d4 e6 5. Bb5+ Nc6 6. Ne5 Qb6 7. Nc3 cxd4 8. exd4 Bb4 9. 0-0 Nge7 10. Kh1 Rd8 11. Be3 0-0 12. Nxc6 Nxc6 13. Bd3 Bxc3 14. bxc3 Na5 15. g4 Nc4 16. Bc1 Be4+ 17. Kg1 Qa5 18. Qe1 f5 19. Bxe4 dxe4 20. a4 Rf7 21. Rb1 Qxa4 22. Rb4 Qc6 23. gxf5 exf5 24. Rf2 Rd6 25. Be3 Rg6+ 26. Rg2 b5 27. Rg3 a5 28. Rb1 Rd7 29. Kf2 a4 30. Rxg6 hxg6 31. Rc1 a3 32. Ra1 Ra7 33. Kg2 Qd5 34. Bc1 e3+ 35. Kg3 g5 36. Qf1 gxf4+ 37. Qxf4 Qe4 0-1

[Event "Montpellier op"]
[Site "Montpellier"]
[Date "2007.12.28"]
[Round "6"]
[White "Petrov, Vladimir Olegov"]
[Black "Bouguerra, Tayeb"]
[Result "1/2-1/2"]
[WhiteElo "1699"]
[BlackElo "2018"]
[PlyCount "171"]
[EventDate "2007.12.26"]
[EventType "swiss"]
[EventRounds "7"]
[EventCountry "FRA"]
[SourceTitle "CBM 122 Extra"]
[Source "ChessBase"]
[SourceDate "2008.03.04"]
[SourceVersion "1"]
[SourceVersionDate "2008.03.04"]
[SourceQuality "1"]

1. e4 d6 2. d4 Nf6 3. Nc3 c6 4. Nf3 Bg4 5. Be2 Nbd7 6. 0-0 e5 7. Be3 Be7 8. h3 Bh5 9. Re1 0-0 10. Qd2 Qc7 11. Rad1 Rad8 12. d5 Ra8 13. Bg5 Bg6 14. Bd3 Nc5 15. Nh4 Nxd3 16. cxd3 Nh5 17. Bxe7 Qxe7 18. Nxg6 fxg6 19. dxc6 bxc6 20. d4 Rad8 21. Re3 Qh4 22. Qe2 exd4 23. Rxd4 Nf4 24. Qg4 Qf6 25. Rd2 h5 26. Qd1 Qg5 27. Rg3 Qe5 28. Rf3 Rf7 29. Ne2 g5 30. Nxf4 Rxf4 31. Rxf4 Qxf4 32. Qc2 g4 33. g3 Qh6 34. hxg4 hxg4 35. Qc4+ d5 36. Qe2 Re8 37. Rd4 Qg5 38. e5 Rxe5 39. Qxg4 Qxg4 40. Rxg4 Re2 41. Rb4 c5 42. Rb7 d4 43. Kf1 d3 44. a4 c4 45. a5 Rc2 46. Ke1 Re2+ 47. Kf1 Rc2 48. Ke1 Rc1+ 49. Kd2 Rc2+ 50. Ke1 a6 51. Rb6 Kh7 52. g4 Kg8 53. f4 Re2+ 54. Kd1 Kf7 55. f5 Rg2 56. Kc1 Rxg4 57. Rxa6 Rg1+ 58. Kd2 Rf1 59. Rc6 Rf2+ 60. Kc1 Rc2+ 61. Kb1 Rf2 62. Rxc4 Rxf5 63. Kc1 Rxa5 64. Rd4 Rc5+ 65. Kb1 g5 66. Rxd3 Kf6 67. Ka2 g4 68. b4 Rc1 69. Rd8 Kf5 70. Ka3 g3 71. Rg8 Kf4 72. Ka4 Ra1+ 73. Kb5 Ra2 74. Kb6 g2 75. b5 Kf5 76. Kc7 Rc2+ 77. Kb7 Kf6 78. b6 Re2 79. Ka7 Ra2+ 80. Kb8 Kf7 81. Rg3 Ke7 82. b7 Kd6 83. Rg6+ Kd7 84. Rg7+ Kd8 85. Rg8+ Ke7 86. Rg7+ 1/2-1/2

[Event "FRA-chT2 0405"]
[Site "France"]
[Date "2005.04.02"]
[Round "10.8"]
[White "Bouguerra, Tayeb"]
[Black "Piquemal, Christiane"]
[Result "1-0"]
[WhiteElo "2049"]
[BlackElo "2054"]
[PlyCount "73"]
[EventDate "2004.10.10"]
[EventType "team"]
[EventRounds "11"]
[EventCountry "FRA"]
[SourceTitle "EXT 2006"]
[Source "ChessBase"]
[SourceDate "2005.11.24"]
[SourceVersion "1"]
[SourceVersionDate "2005.11.24"]
[SourceQuality "1"]
[WhiteTeam "Montpellier  II"]
[WhiteTeamCountry "FRA"]

1. d4 Nf6 2. Nc3 d5 3. Bg5 e6 4. e4 dxe4 5. Nxe4 Be7 6. Bxf6 Bxf6 7. Nf3 Nd7 8. Bd3 h6 9. Qe2 Be7 10. 0-0 0-0 11. Rad1 c6 12. c4 Nf6 13. Nxf6+ Bxf6 14. Qe4 g6 15. Ne5 Qe7 16. c5 Rd8 17. f4 Bg7 18. Qe3 Bd7 19. Be4 Be8 20. Kh1 Rac8 21. Bc2 Qc7 22. b4 a5 23. bxa5 Qxa5 24. Bb3 Rb8 25. Nxg6 Qc7 26. Ne5 b6 27. cxb6 Qxb6 28. Qe4 Qc7 29. Rc1 Qd6 30. Rfd1 Rb6 31. Nc4 Qb4 32. Nxb6 Qxb6 33. f5 exf5 34. Qxf5 Rxd4 35. Rxd4 Qxd4 36. Rf1 c5 37. Qc8 1-0

[Event "FRA-chT2S"]
[Site "France"]
[Date "2003.01.18"]
[Round "5.8"]
[White "Birens, Eric Andre"]
[Black "Bouguerra, Tayeb"]
[Result "0-1"]
[WhiteElo "2098"]
[BlackElo "2101"]
[PlyCount "84"]
[EventDate "2002.10.??"]
[EventType "team"]
[EventRounds "11"]
[EventCountry "FRA"]
[SourceTitle "EXT 2004"]
[Source "ChessBase"]
[SourceDate "2003.11.25"]
[SourceVersion "1"]
[SourceVersionDate "2003.11.25"]
[SourceQuality "1"]

1. d4 Nf6 2. c4 d6 3. Nf3 Nbd7 4. Nc3 e5 5. e4 Be7 6. Be2 c6 7. 0-0 0-0 8. Re1 Qc7 9. Bg5 Re8 10. Bh4 Nf8 11. Bg3 Nh5 12. dxe5 Nxg3 13. hxg3 dxe5 14. a3 Bg4 15. b4 Ne6 16. Nd2 Bxe2 17. Nxe2 a5 18. c5 axb4 19. axb4 b6 20. cxb6 Qxb6 21. Nc4 Qc7 22. Qb3 Rab8 23. Qe3 Bxb4 24. Ra7 Rb7 25. Rxb7 Qxb7 26. Rb1 Qe7 27. Nxe5 Bc5 28. Qc3 Nd8 29. Rb8 Bxf2+ 30. Kxf2 Qa7+ 31. Nd4 Qxb8 32. Nexc6 Nxc6 33. Nxc6 Qb6+ 34. Kf3 h6 35. Qc4 Re6 36. Nd4 Rf6+ 37. Kg4 Qb1 38. Nf5 Qd1+ 39. Kh3 Qh5+ 40. Nh4 g5 41. Qd4 g4+ 42. Kh2 Re6 0-1

[Event "Saint Affrique op 10th"]
[Site "Saint Affrique"]
[Date "2002.??.??"]
[Round "5"]
[White "Bourdon, Philippe"]
[Black "Bouguerra, Tayeb"]
[Result "1-0"]
[WhiteElo "2028"]
[BlackElo "2005"]
[PlyCount "95"]
[EventDate "2002.07.20"]
[EventType "swiss"]
[EventRounds "9"]
[EventCountry "FRA"]
[SourceTitle "EXT 2003"]
[Source "ChessBase"]
[SourceDate "2002.11.25"]
[SourceVersion "1"]
[SourceVersionDate "2002.11.25"]
[SourceQuality "1"]

1. d4 Nf6 2. c4 d6 3. Nc3 e5 4. Nf3 Nc6 5. e4 Be7 6. d5 Nb8 7. Be2 Nbd7 8. b4 a5 9. Ba3 axb4 10. Bxb4 0-0 11. 0-0 b6 12. Nd2 Nb8 13. a4 Na6 14. Ba3 Nd7 15. Bg4 Nac5 16. Qc2 Bg5 17. Nf3 Be7 18. Rfb1 Ba6 19. Bxd7 Nxd7 20. Nb5 Nf6 21. Bb4 Qd7 22. a5 c6 23. dxc6 Qxc6 24. Nxe5 dxe5 25. Bxe7 Rfc8 26. Nd6 Rcb8 27. axb6 Rxb6 28. Rxb6 Qxb6 29. c5 Qc6 30. Bxf6 gxf6 31. Nf5 Kh8 32. h3 Re8 33. Rd1 Bc8 34. Rd6 Qa8 35. Rxf6 Be6 36. Nd6 Qa1+ 37. Kh2 Rg8 38. Rf3 Rg5 39. Nxf7+ Bxf7 40. Rxf7 Qf1 41. g3 h6 42. Rd7 Rg8 43. Qd2 Rg6 44. Rd6 Kh7 45. Rxg6 Kxg6 46. c6 Qc4 47. Qd6+ Kf7 48. Qd5+ 1-0

[Event "Saint Affrique op 09th"]
[Site "Saint Affrique"]
[Date "2001.07.24"]
[Round "5.38"]
[White "Bouguerra, Tayeb"]
[Black "Rabier, Jean"]
[Result "1-0"]
[WhiteElo "2090"]
[BlackElo "1810"]
[PlyCount "29"]
[EventDate "2001.07.??"]
[EventType "swiss"]
[EventRounds "9"]
[EventCountry "FRA"]
[SourceTitle "EXT 2003"]
[Source "ChessBase"]
[SourceDate "2002.11.25"]
[SourceVersion "1"]
[SourceVersionDate "2002.11.25"]
[SourceQuality "1"]

1. d4 f5 2. e4 fxe4 3. f3 g6 4. fxe4 Bg7 5. Nf3 Nf6 6. e5 Nd5 7. c4 Nb6 8. Nc3 d6 9. exd6 cxd6 10. Qb3 N6d7 11. c5 Nf6 12. Bb5+ Bd7 13. Ng5 e6 14. Nxe6 Qe7 15. cxd6 1-0

[Event "Paris-ch op"]
[Site "Paris"]
[Date "1999.07.19"]
[Round "3"]
[White "Oupindrin, Narayanin"]
[Black "Bouguerra, Tayeb"]
[Result "1-0"]
[WhiteElo "2083"]
[BlackElo "2005"]
[PlyCount "57"]
[EventDate "1999.07.17"]
[EventType "swiss"]
[EventRounds "9"]
[EventCountry "FRA"]
[SourceTitle "EXT 2000"]
[Source "ChessBase"]
[SourceDate "1999.11.16"]
[SourceVersion "1"]
[SourceVersionDate "1999.11.16"]
[SourceQuality "1"]

1. e4 d6 2. d4 Nf6 3. Nc3 c6 4. Nf3 Bg4 5. Be3 Qa5 6. Bd3 e5 7. 0-0 Be7 8. h3 Bh5 9. a3 0-0 10. b4 Qc7 11. Qe2 Nbd7 12. Qd2 Bxf3 13. gxf3 exd4 14. Bxd4 Ne5 15. Be2 Rad8 16. f4 Ng6 17. Qe3 c5 18. Bxf6 Bxf6 19. Nd5 Qb8 20. Nxf6+ gxf6 21. f5 Ne7 22. Qh6 d5 23. Kh1 dxe4 24. Rg1+ Ng6 25. fxg6 fxg6 26. Bc4+ Kh8 27. Rxg6 Rd7 28. Rag1 Qe8 29. Qxf8+ 1-0

[Event "Saint Affrique op 05th"]
[Site "Saint Affrique"]
[Date "1997.??.??"]
[Round "7"]
[White "Bouguerra, Tayeb"]
[Black "Zagala, Thierry"]
[Result "0-1"]
[WhiteElo "2145"]
[BlackElo "1810"]
[PlyCount "72"]
[EventDate "1997.07.??"]
[EventType "swiss"]
[EventRounds "9"]
[EventCountry "FRA"]
[SourceTitle "EXT 1999"]
[Source "ChessBase"]
[SourceDate "1998.11.16"]
[SourceVersion "1"]
[SourceVersionDate "1998.11.16"]
[SourceQuality "1"]

1. f4 d5 2. e3 Nf6 3. b3 g6 4. Nf3 Bg7 5. Bb2 0-0 6. c4 c6 7. Nc3 Nbd7 8. d4 Qa5 9. Bd3 b5 10. cxb5 cxb5 11. 0-0 a6 12. Qd2 Qd8 13. f5 b4 14. Ne2 a5 15. Ng3 Ba6 16. Bxa6 Rxa6 17. Qe2 Rc6 18. Rac1 Rxc1 19. Rxc1 Qb6 20. h3 Ne8 21. Rc8 Nd6 22. Rxf8+ Bxf8 23. fxg6 hxg6 24. Ne5 Nf6 25. Qc2 Bh6 26. Bc1 Nfe4 27. Nxe4 Nxe4 28. Qc8+ Kg7 29. Nd7 Qe6 30. Qf8+ Kh7 31. Qd8 Nc3 32. Kh1 Ne2 33. Bd2 Qf5 34. Kh2 Qf1 35. h4 Qg1+ 36. Kh3 Qh1+ 0-1